Tesis: Gestión de inventarios de productos alimenticios en organizaciones con fines de beneficencia ubicadas en el área urbana del municipio de Cobán, Alta Verapaz/ (Registro nro. 1631)

Detalles MARC
000 -LEADER
campo de control de longitud fija 03051nam a22003137i 4500
001 - NÚMERO DE CONTROL
campo de control TCPA 71
003 - IDENTIFICADOR DE NÚMERO DE CONTROL
campo de control gtcocun
005 - FECHA Y HORA DE LA ÚLTIMA TRANSACCIÓN
campo de control 20250902230244.0
006 - CÓDIGOS DE INFORMACIÓN DE LONGITUD FIJA--CARACTERÍSTICAS DEL MATERIAL ADICIONAL
campo de control de longitud fija a||||gr|||| 00| 0
008 - DATOS DE LONGITUD FIJA--INFORMACIÓN GENERAL
campo de control de longitud fija 250902b2019 gt ||||| m||| 00| 0 eng d
040 ## - FUENTE DE CATALOGACIÓN
Centro catalogador/agencia de origen gtcocun
Lengua de catalogación SPA
Centro/agencia transcriptor gtcocun
Normas de descripción RDA
041 ## - CÓDIGO DE IDIOMA
Código de lengua del texto/banda sonora o título independiente SPA
084 ## - OTRO NÚMERO DE CLASIFICACIÓN
Número de control del registro de autoridad o número normalizado TCPA 71
100 ## - ENTRADA PRINCIPAL--NOMBRE DE PERSONA
Nombre de persona Cabrera Pop, Marvin Edmundo
Término indicativo de función/relación Autor
245 ## - MENCIÓN DEL TÍTULO
Título Tesis: Gestión de inventarios de productos alimenticios en organizaciones con fines de beneficencia ubicadas en el área urbana del municipio de Cobán, Alta Verapaz/
Mención de responsabilidad, etc. Marvin Edmundo Cabrera Pop
Medio Impreso
264 ## - PRODUCCIÓN, PUBLICACIÓN, DISTRIBUCIÓN, FABRICACIÓN Y COPYRIGHT
Producción, publicación, distribución, fabricación y copyright Cobán, Alta Verapaz:
Nombre del de productor, editor, distribuidor, fabricante Universidad de San Carlos de Guatemala, Centro Universitario del Norte, Licenciatura en Contaduría Pública y Auditoría.
Fecha de producción, publicación, distribución, fabricación o copyright 2019
300 ## - DESCRIPCIÓN FÍSICA
Extensión 89 p.:
Otras características físicas Ilustraciones, gráficas.
Dimensiones 28 cm;
336 ## - TIPO DE CONTENIDO
Fuente rdacontenido
Término de tipo de contenido Texto
Código de tipo de contenido txt
337 ## - TIPO DE MEDIO
Fuente rdamedio
Nombre/término del tipo de medio Computadora
Código del tipo de medio n
338 ## - TIPO DE SOPORTE
Fuente rdasoporte
Nombre/término del tipo de soporte Código en línea
Código del tipo de soporte cr
502 ## - NOTA DE TESIS
identificador de la tesis .
502 ## - NOTA DE TESIS
Nota de tesis Tesis de grado
Tipo de título Licenciatura en Contaduría Pública y Auditoría.
Nombre de la institución que otorga el título Universidad de San Carlos de Guatemala, Centro Universitario del Norte, Licenciatura en Contaduría Pública y Auditoría.
Año de obtención del título 2019
Identificador de la tesis TCPA 71
520 14 - RESUMEN, ETC.
Sumario, etc. El profesional de las ciencias económicas Contador Público y Auditor, se<br/>caracteriza por ser una persona con amplios conocimientos y experto en las<br/>áreas de Control Interno, contabilidad y legislación tributaria. El Centro<br/>Universitario del Norte (CUNOR) presenta varias opciones para obtener el grado<br/>de licenciatura, una de ellas es la realización de tesis.<br/><br/>Las organizaciones con fines de beneficencia en Guatemala se<br/>caracterizan por ser entidades no gubernamentales. Las acciones que realizan<br/>son en mejora de las condiciones y calidad de vida de las personas<br/>guatemaltecas. Estas entidades cobraron mayor auge después del terremoto de<br/>1976.<br/><br/>El concepto de beneficencia se utiliza principalmente para nombrar al<br/>conjunto de instituciones de servicios con fines benéficos. Estos esfuerzos<br/>solidarios pueden ser desarrollados por individuos particulares o por grupos de<br/>organizaciones o entidades.<br/><br/>Estas instituciones se caracterizan por ser, no lucrativas y obtienen sus<br/>recursos a través de sectores públicos, privados, apoyo económico nacional y<br/>organismos internacionales. Además que cuentan con beneficios y<br/>exoneraciones otorgadas por el Estado.<br/>La mayoría de las organizaciones con fines de beneficencia son<br/>financiadas parcialmente por instituciones y organismos internacionales quien<br/>además de brindarles el recurso, las asesora en su funcionamiento y dirección,<br/>esto con el objetivo de tener sus proyectos con los mejores resultados posibles.
650 ## - PUNTO DE ACCESO ADICIONAL DE MATERIA--TÉRMINO DE MATERIA
Fuente del encabezamiento o término LEMB
Término de materia o nombre geográfico como elemento de entrada Cobán, Alta Verapaz
Subdivisión general clases de inventario
-- control interno
-- no lucrativas
700 ## - ENTRADA AGREGADA--NOMBRE PERSONAL
Nombre de persona Lic. Selvin Wotzbelli Castellanos Reyes
Término indicativo de función/relación Asesor
856 ## - LOCALIZACIÓN Y ACCESO ELECTRÓNICOS
Identificador Uniforme de Recurso <a href="https://drive.google.com/file/d/1Jy1qykx-vVpCBrLMVVP0f9XMzFE4j17H/view?usp=sharing">https://drive.google.com/file/d/1Jy1qykx-vVpCBrLMVVP0f9XMzFE4j17H/view?usp=sharing</a>
Texto de enlace PDF
Nota pública Un ejemplar en línea.
942 ## - ELEMENTOS DE ENTRADA SECUNDARIOS (KOHA)
Fuente de la clasificación o esquema de estantería Clasificación Decimal Dewey
Tipo de ítem Koha TESIS
Parte de la signatura que identifica el ejemplar (Parte del ítem) TCPA_71
Prefijo de la signatura Clasificación
Suprimir en OPAC No
-- TCPA__71
Existencias
Estatus retirado Estado de pérdida Fuente de la clasificación o esquema de estantería Estado de daño No para préstamo Colección Biblioteca de origen Biblioteca actual Ubicación en estantería Fecha de adquisición Número de inventario Total de préstamos Signatura topográfica completa Código de barras Visto por última vez Precio de reemplazo Tipo de ítem Koha
    Clasificación Decimal Dewey     tesis BIBLIOTECA- CUNOR -JOSÉ LUIS GONZALES ROSALES BIBLIOTECA- CUNOR -JOSÉ LUIS GONZALES ROSALES Colección tesis 02/09/2025 TCPA 071   TCPA 071 TCPA 071 02/09/2025 02/09/2025 TESIS